[Event "FRM-ch U18"]
[Site "Struga"]
[Date "2023.06.22"]
[Round "6"]
[White "Velkoski, Stojan"]
[Black "Zvezdakoski, Matej"]
[Result "1-0"]
[WhiteElo "1936"]
[BlackElo "1851"]
[PlyCount "39"]
[EventDate "2023.06.17"]
[EventType "swiss"]
[EventRounds "6"]
[EventCountry "MKD"]
[SourceTitle "EXT 2024"]
[Source "ChessBase"]
[SourceDate "2023.10.10"]
[SourceVersion "1"]
[SourceVersionDate "2023.10.10"]
[SourceQuality "1"]

1. e4 e5 2. f4 exf4 3. Nf3 d5 4. exd5 Qxd5 5. Nc3 Qd8 6. Bc4 Bd6 7. 0-0 Ne7 8. Ng5 Rf8 9. Nxh7 Bc5+ 10. Kh1 Qd4 11. d3 Rh8 12. Rxf4 Qe5 13. d4 Bxd4 14. Bxf7+ Kd8 15. Rxd4+ Bd7 16. Bf4 Qf5 17. Ng5 Kc8 18. Qd2 b6 19. Rxd7 Nxd7 20. Be6 1-0

[Event "FRM-ch U18"]
[Site "Struga"]
[Date "2022.06.18"]
[Round "1"]
[White "Nikolovski, Branko Nikola"]
[Black "Zvezdakoski, Matej"]
[Result "0-1"]
[WhiteElo "1321"]
[BlackElo "1871"]
[PlyCount "72"]
[EventDate "2022.06.18"]
[EventType "swiss"]
[EventRounds "7"]
[EventCountry "MKD"]
[SourceTitle "EXT 2023"]
[Source "ChessBase"]
[SourceDate "2022.10.05"]
[SourceVersion "1"]
[SourceVersionDate "2022.10.05"]
[SourceQuality "1"]

1. e4 d6 2. d4 Nf6 3. Nc3 e5 4. dxe5 dxe5 5. Qxd8+ Kxd8 6. Nf3 Bd6 7. Bg5 Be6 8. 0-0-0 Nbd7 9. h3 h6 10. Bh4 g5 11. Bg3 Ke7 12. Bd3 c6 13. Kb1 Nh5 14. Bh2 f6 15. g4 Ng7 16. Ne2 h5 17. Rhg1 hxg4 18. hxg4 Rh3 19. Rg3 Rxg3 20. Bxg3 Bxg4 21. Neg1 Nc5 22. c3 a5 23. Kc2 b5 24. Rd2 b4 25. Nh2 Be6 26. b3 a4 27. c4 axb3+ 28. axb3 Ra2+ 29. Kd1 Ra1+ 30. Kc2 Rxg1 31. Nf3 Ra1 32. Kb2 Ra3 33. Bc2 Bxc4 34. Nxg5 Nxb3 35. Bxb3 Rxb3+ 36. Kc2 fxg5 0-1

[Event "FRM-ch U16"]
[Site "Struga"]
[Date "2021.06.28"]
[Round "7"]
[White "Bojkovski, Matej"]
[Black "Zvezdakoski, Matej"]
[Result "1/2-1/2"]
[WhiteElo "1343"]
[BlackElo "1929"]
[PlyCount "106"]
[EventDate "2021.06.22"]
[EventType "swiss"]
[EventRounds "7"]
[EventCountry "MKD"]
[SourceTitle "EXT 2022"]
[Source "ChessBase"]
[SourceDate "2021.10.06"]
[SourceVersion "1"]
[SourceVersionDate "2021.10.06"]
[SourceQuality "1"]

1. e4 e5 2. Nf3 Nc6 3. Bb5 a6 4. Ba4 Nf6 5. d3 b5 6. Bb3 Be7 7. Nc3 d6 8. h3 Na5 9. Bg5 Nxb3 10. axb3 Bb7 11. Ne2 h6 12. Bd2 c6 13. Ng3 g6 14. Qc1 Bf8 15. 0-0 Qd7 16. b4 Bg7 17. Rd1 0-0-0 18. c4 Kb8 19. Be3 Qe6 20. b3 Ng8 21. Qa3 Ne7 22. Qa5 f5 23. exf5 gxf5 24. Nh5 Rhg8 25. Qb6 Rd7 26. Ng3 e4 27. Nd4 Bxd4 28. Bxd4 d5 29. dxe4 dxe4 30. Be5+ Ka8 31. Rxd7 Qxd7 32. c5 Nc8 33. Nxf5 Qxf5 34. Qc7 Na7 35. Rd1 Qc8 36. Qh7 Rd8 37. Rxd8 Qxd8 38. Bc7 Qf6 39. Qxe4 Bc8 40. Bb6 Bd7 41. Qh7 Qa1+ 42. Kh2 Qe5+ 43. Kg1 Qe1+ 44. Kh2 Qe6 45. Qg7 Kb7 46. Qg3 Nc8 47. Qc7+ Ka8 48. f4 Be8 49. g4 Qd7 50. Qxd7 Bxd7 51. Bd8 Be6 52. f5 Bxb3 53. f6 Kb7 1/2-1/2

[Event "EU-ch Amateur Online 1700/2000"]
[Site "Tornelo INT"]
[Date "2021.04.24"]
[Round "2"]
[White "Zvezdakoski, Matej"]
[Black "Kazantzoglou, Stefanos"]
[Result "1-0"]
[WhiteElo "1929"]
[BlackElo "1645"]
[PlyCount "121"]
[EventDate "2021.04.24"]
[EventType "swiss (rapid)"]
[EventRounds "8"]
[EventCountry "NET"]
[SourceTitle "EXT 2023"]
[Source "ChessBase"]
[SourceDate "2022.10.05"]
[SourceVersion "1"]
[SourceVersionDate "2022.10.05"]
[SourceQuality "1"]

1. e4 e5 2. Nf3 Nc6 3. Bc4 Bc5 4. d3 d6 5. c3 Nf6 6. a4 a5 7. Nbd2 0-0 8. h3 Be6 9. 0-0 Qe7 10. Re1 Rad8 11. Qe2 Nh5 12. Nf1 Bxc4 13. dxc4 Qe6 14. Nh4 Nf4 15. Qf3 Qxc4 16. Bxf4 exf4 17. Qxf4 Ne5 18. Ne3 Qe6 19. Rad1 Bxe3 20. Rxe3 Ng6 21. Nxg6 fxg6 22. Qg4 Qxg4 23. hxg4 Rde8 24. f3 Re5 25. Kf2 Rfe8 26. Rd4 d5 27. Rxd5 Rxd5 28. exd5 Rd8 29. c4 Kf7 30. f4 Rd6 31. Kf3 Rb6 32. b3 Rd6 33. g3 b6 34. f5 gxf5 35. gxf5 g6 36. g4 gxf5 37. gxf5 Rh6 38. Kg4 Rh1 39. Rg3 Re1 40. Rd3 Kf6 41. d6 cxd6 42. Rxd6+ Ke7 43. Rxb6 Re5 44. Kf4 Re1 45. Rb7+ Kf6 46. Rb6+ Ke7 47. Rb5 Rb1 48. c5 h5 49. Kg5 Rh1 50. Rb7+ Kd8 51. Rh7 Rh3 52. Rxh5 Rxb3 53. Rh7 Rc3 54. f6 Rxc5+ 55. Kg6 Rc6 56. Rh5 Ra6 57. Kg7 Ra7+ 58. f7 Rb7 59. Rxa5 Kc8 60. Ra8+ Kc7 61. f8Q 1-0

[Event "Balkan-ch U18"]
[Site "Tornelo INT"]
[Date "2020.11.01"]
[Round "5"]
[White "Akdag, Omer Amir"]
[Black "Zvezdakoski, Matej"]
[Result "1-0"]
[WhiteElo "1915"]
[BlackElo "1745"]
[PlyCount "77"]
[EventDate "2020.10.31"]
[EventType "swiss"]
[EventRounds "7"]
[EventCountry "NET"]
[SourceTitle "EXT 2023"]
[Source "ChessBase"]
[SourceDate "2022.10.05"]
[SourceVersion "1"]
[SourceVersionDate "2022.10.05"]
[SourceQuality "1"]

1. d4 Nf6 2. Nf3 e6 3. e3 d5 4. Bd3 c5 5. b3 Be7 6. Bb2 0-0 7. 0-0 b6 8. Qe2 Bb7 9. Ne5 Nbd7 10. Nd2 Rc8 11. Rad1 Ne4 12. Bxe4 dxe4 13. Ndc4 b5 14. dxc5 Bd5 15. Nxd7 Qxd7 16. Ne5 Qb7 17. c4 bxc4 18. bxc4 Bc6 19. Rb1 Qc7 20. Bd4 f6 21. Nxc6 Qxc6 22. Rb5 e5 23. Bb2 Bxc5 24. Rd1 Rfd8 25. h3 Bb6 26. Rbd5 Rxd5 27. cxd5 Qc2 28. Rd2 Qb1+ 29. Kh2 Ba5 30. Qa6 Bxd2 31. Qxc8+ Kf7 32. Ba3 Bb4 33. d6 Bxa3 34. d7 Be7 35. Qe8+ Ke6 36. d8Q Qb7 37. Qg8+ Kf5 38. g4+ Kg6 39. Qde8+ 1-0

[Event "Balkan-ch U18"]
[Site "Tornelo INT"]
[Date "2020.10.31"]
[Round "2"]
[White "Zvezdakoski, Matej"]
[Black "Gunduz, Umut Erdem"]
[Result "1-0"]
[WhiteElo "1745"]
[BlackElo "2118"]
[PlyCount "43"]
[EventDate "2020.10.31"]
[EventType "swiss"]
[EventRounds "7"]
[EventCountry "NET"]
[SourceTitle "EXT 2023"]
[Source "ChessBase"]
[SourceDate "2022.10.05"]
[SourceVersion "1"]
[SourceVersionDate "2022.10.05"]
[SourceQuality "1"]

1. e4 e5 2. Nf3 Nc6 3. Bc4 Bc5 4. d3 Nf6 5. c3 d6 6. a4 a6 7. Nbd2 0-0 8. h3 h6 9. g4 d5 10. exd5 Nxd5 11. Ne4 Ba7 12. g5 hxg5 13. Bxg5 f6 14. Bxf6 gxf6 15. Rg1+ Kf7 16. Nh4 Rh8 17. Qf3 Rxh4 18. Bxd5+ Qxd5 19. Qxf6+ Ke8 20. Qxh4 Qf7 21. Qh8+ Ke7 22. Rg7 1-0

[Event "EU-ch Online U18"]
[Site "Tornelo INT"]
[Date "2020.09.19"]
[Round "6"]
[White "Murphy, Sean"]
[Black "Zvezdakoski, Matej"]
[Result "1-0"]
[WhiteElo "1990"]
[BlackElo "1917"]
[PlyCount "55"]
[EventDate "2020.09.18"]
[EventType "swiss (rapid)"]
[EventRounds "9"]
[EventCountry "ENG"]
[SourceTitle "CBM 198 Extra"]
[Source "ChessBase"]
[SourceDate "2020.11.30"]
[SourceVersion "1"]
[SourceVersionDate "2020.11.30"]
[SourceQuality "1"]

1. d4 Nf6 2. c4 g6 3. Nc3 Bg7 4. e4 d6 5. h3 0-0 6. Be3 e5 7. d5 a5 8. g4 Na6 9. Nge2 Ne8 10. Ng3 f5 11. gxf5 gxf5 12. exf5 Bxf5 13. Nxf5 Rxf5 14. Bd3 Rf7 15. Qc2 Nf6 16. a3 c6 17. 0-0-0 cxd5 18. cxd5 Rc8 19. Bf5 Rfc7 20. Bb6 Bh6+ 21. Kb1 Rxc3 22. Rhg1+ Kf8 23. Bxc8 Rxc2 24. Bxd8 Rxc8 25. Bxf6 Rc4 26. Rg4 Bf4 27. Rdg1 Nc5 28. Bh4 1-0

[Event "EU-ch Online U18"]
[Site "Tornelo INT"]
[Date "2020.09.19"]
[Round "5"]
[White "Zvezdakoski, Matej"]
[Black "Tisaj, Domen"]
[Result "0-1"]
[WhiteElo "1917"]
[BlackElo "2239"]
[PlyCount "50"]
[EventDate "2020.09.18"]
[EventType "swiss (rapid)"]
[EventRounds "9"]
[EventCountry "ENG"]
[SourceTitle "CBM 198 Extra"]
[Source "ChessBase"]
[SourceDate "2020.11.30"]
[SourceVersion "1"]
[SourceVersionDate "2020.11.30"]
[SourceQuality "1"]

1. e4 c6 2. d3 d5 3. Nd2 e5 4. Ngf3 Bd6 5. g3 Nf6 6. Bg2 0-0 7. 0-0 Re8 8. Re1 Nbd7 9. Nf1 Bf8 10. Nh4 g6 11. f4 exf4 12. gxf4 Nxe4 13. Nxg6 hxg6 14. dxe4 dxe4 15. Bxe4 Qh4 16. Ng3 Nf6 17. Bf3 Bg4 18. Re3 Bc5 19. Nf1 Rad8 20. Qe2 Bxf3 21. Qxf3 Qe1 22. Kg2 Bxe3 23. Nxe3 Rd2+ 24. Bxd2 Qxd2+ 25. Qf2 Qxe3 0-1

[Event "EU-ch Online U18"]
[Site "Tornelo INT"]
[Date "2020.09.18"]
[Round "3"]
[White "Easwaralingam, Adesh"]
[Black "Zvezdakoski, Matej"]
[Result "0-1"]
[WhiteElo "2110"]
[BlackElo "1917"]
[PlyCount "46"]
[EventDate "2020.09.18"]
[EventType "swiss (rapid)"]
[EventRounds "9"]
[EventCountry "ENG"]
[SourceTitle "CBM 198 Extra"]
[Source "ChessBase"]
[SourceDate "2020.11.30"]
[SourceVersion "1"]
[SourceVersionDate "2020.11.30"]
[SourceQuality "1"]

1. e4 e5 2. Nf3 Nc6 3. Bb5 a6 4. Ba4 Nf6 5. Qe2 b5 6. Bb3 Be7 7. c3 0-0 8. d4 d6 9. 0-0 Bg4 10. Rd1 Qc8 11. h3 Bh5 12. Nbd2 exd4 13. cxd4 Nxd4 14. Qe3 Nxf3+ 15. Nxf3 Nd7 16. Nd4 Bxd1 17. Bxd1 Bf6 18. f4 Re8 19. Bf3 Nc5 20. a4 bxa4 21. g4 Rb8 22. Kh2 Bxd4 23. Qxd4 Nb3 0-1

[Event "Niska Banja op"]
[Site "Niska Banja"]
[Date "2020.02.14"]
[Round "3"]
[White "Zvezdakoski, Matej"]
[Black "Savic, Nebojsa"]
[Result "0-1"]
[WhiteElo "1715"]
[BlackElo "1974"]
[PlyCount "66"]
[EventDate "2020.02.13"]
[EventType "swiss"]
[EventRounds "7"]
[EventCountry "SRB"]
[SourceTitle "CBM 195 Extra"]
[Source "ChessBase"]
[SourceDate "2020.05.31"]
[SourceVersion "1"]
[SourceVersionDate "2020.05.31"]
[SourceQuality "1"]

1. e4 c5 2. c4 g6 3. Nc3 Bg7 4. Nge2 Nc6 5. g3 h5 6. h4 Nh6 7. Bg2 Ng4 8. d3 d6 9. 0-0 e6 10. f3 Nge5 11. a3 a6 12. Be3 Rb8 13. b3 b5 14. cxb5 axb5 15. d4 cxd4 16. Nxd4 Nxd4 17. Bxd4 f6 18. f4 Ng4 19. Qd3 e5 20. Ba7 Rb7 21. Nxb5 Rxa7 22. Nxa7 Qb6+ 23. Kh1 Qxa7 24. Rac1 Ke7 25. Rc6 Rd8 26. Bh3 Qxa3 27. Bxg4 hxg4 28. Rfc1 Bd7 29. Rc7 Qb4 30. R1c4 Qe1+ 31. Kg2 exf4 32. gxf4 Qxh4 33. b4 Qh3+ 0-1

[Event "Paracin Amateur op"]
[Site "Paracin"]
[Date "2020.02.04"]
[Round "7"]
[White "Ciric, Pavle"]
[Black "Zvezdakoski, Matej"]
[Result "1/2-1/2"]
[WhiteElo "2027"]
[BlackElo "1715"]
[PlyCount "25"]
[EventDate "2020.01.31"]
[EventType "swiss"]
[EventRounds "9"]
[EventCountry "SRB"]
[SourceTitle "CBM 194 Extra"]
[Source "ChessBase"]
[SourceDate "2020.03.31"]
[SourceVersion "1"]
[SourceVersionDate "2020.03.31"]
[SourceQuality "1"]

1. e4 e5 2. Nf3 Nc6 3. Bb5 a6 4. Bxc6 dxc6 5. 0-0 Qf6 6. d4 exd4 7. e5 Qg6 8. Qxd4 c5 9. Qd1 Bd7 10. e6 Bxe6 11. Bf4 Rd8 12. Qe2 Bd6 13. Ne5 1/2-1/2

[Event "Paracin Amateur op"]
[Site "Paracin"]
[Date "2020.02.03"]
[Round "6"]
[White "Zvezdakoski, Matej"]
[Black "Kandjolas, Konstantin"]
[Result "1-0"]
[WhiteElo "1715"]
[BlackElo "1944"]
[PlyCount "109"]
[EventDate "2020.01.31"]
[EventType "swiss"]
[EventRounds "9"]
[EventCountry "SRB"]
[SourceTitle "CBM 194 Extra"]
[Source "ChessBase"]
[SourceDate "2020.03.31"]
[SourceVersion "1"]
[SourceVersionDate "2020.03.31"]
[SourceQuality "1"]

1. e4 e6 2. d4 d5 3. exd5 exd5 4. Bd3 Bd6 5. Qf3 c6 6. Ne2 Qf6 7. Qxf6 Nxf6 8. Bf4 Bxf4 9. Nxf4 0-0 10. 0-0 Re8 11. Nd2 Nbd7 12. Rfe1 Nf8 13. Rxe8 Nxe8 14. Nf3 Nc7 15. Re1 Nce6 16. Nxe6 Bxe6 17. c3 f6 18. b4 Kf7 19. Nd2 a5 20. b5 cxb5 21. Bxb5 Rc8 22. Rc1 Ke7 23. f3 Nd7 24. Kf2 Nb6 25. Nb3 Bd7 26. Bxd7 Nxd7 27. Nxa5 Ra8 28. Nxb7 Rxa2+ 29. Kg3 Nb6 30. Re1+ Kf7 31. Nd6+ Kg6 32. Re7 Na4 33. Ne8 Nxc3 34. Rxg7+ Kh6 35. Rf7 Ne2+ 36. Kg4 Ra6 37. Rxf6+ Rxf6 38. Nxf6 Nxd4 39. Nxd5 Kg6 40. g3 h5+ 41. Kf4 Ne6+ 42. Ke5 Ng5 43. Kf4 Ne6+ 44. Ke3 Kg5 45. h3 Ng7 46. Ke4 Ne6 47. f4+ Kh6 48. Ke5 Nc5 49. f5 Kg5 50. f6 Nd7+ 51. Ke6 Nf8+ 52. Kf7 Nd7 53. Ke7 Ne5 54. f7 h4 55. g4 1-0

[Event "Skopje op"]
[Site "Skopje"]
[Date "2019.12.10"]
[Round "7"]
[White "Nikolovski, David1111"]
[Black "Zvezdakoski, Matej"]
[Result "1/2-1/2"]
[WhiteElo "1566"]
[BlackElo "1829"]
[PlyCount "103"]
[EventDate "2019.12.06"]
[EventType "swiss"]
[EventRounds "9"]
[EventCountry "MKD"]
[SourceTitle "CBM 193 Extra"]
[Source "ChessBase"]
[SourceDate "2020.01.31"]
[SourceVersion "1"]
[SourceVersionDate "2020.01.31"]
[SourceQuality "1"]

1. d4 Nf6 2. Nc3 d5 3. Bf4 e6 4. Nb5 Bd6 5. Nxd6+ cxd6 6. e3 Nc6 7. Nf3 h6 8. h3 Qe7 9. c3 Bd7 10. Qb3 e5 11. Bh2 0-0 12. g4 Rfc8 13. Qa3 exd4 14. cxd4 Qe4 15. Be2 a5 16. Bxd6 Nb4 17. Bxb4 axb4 18. Qd3 Rc2 19. Qxe4 dxe4 20. Ne5 Rxb2 21. Bc4 Be6 22. Bxe6 fxe6 23. 0-0 Raxa2 24. Rxa2 Rxa2 25. Rb1 Nd5 26. Nc4 Ra4 27. Kg2 g5 28. Nd6 Nc3 29. Rb3 b5 30. Nb7 Na2 31. Nc5 Nc1 32. Rb1 Nd3 33. Nxe4 Ra2 34. Kg3 Rb2 35. Rxb2 Nxb2 36. Nc5 Nc4 37. Nb3 Kf7 38. Kf3 e5 39. Ke4 Ke6 40. dxe5 Nxe5 41. Nd4+ Kf6 42. Nxb5 b3 43. Nc3 b2 44. Nb1 Nd7 45. Kd4 Ke6 46. Kc3 Ne5 47. f4 Nf3 48. Kxb2 Ng1 49. fxg5 hxg5 50. Kc3 Nxh3 51. Nd2 Nf2 52. Nf3 1/2-1/2

[Event "Skopje op"]
[Site "Skopje"]
[Date "2019.12.09"]
[Round "5"]
[White "Zvezdakoski, Matej"]
[Black "Kalin, Andrei"]
[Result "1-0"]
[WhiteElo "1829"]
[BlackElo "1251"]
[PlyCount "73"]
[EventDate "2019.12.06"]
[EventType "swiss"]
[EventRounds "9"]
[EventCountry "MKD"]
[SourceTitle "CBM 193 Extra"]
[Source "ChessBase"]
[SourceDate "2020.01.31"]
[SourceVersion "1"]
[SourceVersionDate "2020.01.31"]
[SourceQuality "1"]

1. e4 c5 2. Nf3 d6 3. Bb5+ Bd7 4. Bxd7+ Qxd7 5. c4 g6 6. d4 cxd4 7. Nxd4 Nf6 8. Nc3 Nc6 9. f3 Bg7 10. Be3 0-0 11. Nde2 Rfd8 12. 0-0 Rac8 13. Rc1 Ne5 14. b3 Nc6 15. Qd2 e6 16. Rfd1 b6 17. Bg5 Ne7 18. e5 Ne8 19. exd6 Nxd6 20. Qxd6 Qxd6 21. Rxd6 Rxd6 22. Bxe7 Rd7 23. Bh4 h6 24. f4 Bxc3 25. Nxc3 Rd4 26. Nb5 Rxf4 27. Bg3 Rg4 28. Rd1 a6 29. Na7 Ra8 30. Rd7 Rg5 31. Nc6 b5 32. Bd6 bxc4 33. bxc4 Re8 34. Nd8 Ra5 35. Nxf7 Rxa2 36. Nxh6+ Kh8 37. Be5# 1-0

[Event "Skopje op"]
[Site "Skopje"]
[Date "2019.12.08"]
[Round "4"]
[White "Trkaljanov, Vladimir"]
[Black "Zvezdakoski, Matej"]
[Result "1-0"]
[WhiteElo "2125"]
[BlackElo "1829"]
[PlyCount "77"]
[EventDate "2019.12.06"]
[EventType "swiss"]
[EventRounds "9"]
[EventCountry "MKD"]
[SourceTitle "CBM 193 Extra"]
[Source "ChessBase"]
[SourceDate "2020.01.31"]
[SourceVersion "1"]
[SourceVersionDate "2020.01.31"]
[SourceQuality "1"]

1. e4 e5 2. Nf3 Nc6 3. d4 exd4 4. Bc4 Nf6 5. 0-0 Nxe4 6. Re1 d5 7. Nc3 dxc3 8. Bxd5 Be6 9. Bxe4 Qxd1 10. Rxd1 cxb2 11. Bxb2 f6 12. a4 Bc5 13. Bc3 0-0 14. a5 a6 15. Rab1 Rab8 16. h3 Bc4 17. Nd4 Bxd4 18. Bxd4 Nxa5 19. Ba7 Rbd8 20. Rxd8 Rxd8 21. Bxb7 Nxb7 22. Rxb7 c6 23. Bc5 Rd1+ 24. Kh2 Rc1 25. Rb8+ Kf7 26. Rb7+ Kg6 27. Bf8 Bf7 28. h4 f5 29. h5+ Kf6 30. Be7+ Ke6 31. Bg5 Rxc2 32. Re7+ Kd5 33. Rxf7 Rxf2 34. Rxg7 f4 35. Kg1 Rc2 36. Bxf4 c5 37. Rxh7 Ke4 38. Rf7 c4 39. h6 1-0

[Event "FRM-ch op"]
[Site "Ohrid"]
[Date "2019.08.26"]
[Round "4"]
[White "Zvezdakoski, Matej"]
[Black "Maneski, David"]
[Result "1/2-1/2"]
[WhiteElo "1784"]
[BlackElo "1885"]
[PlyCount "22"]
[EventDate "2019.08.24"]
[EventType "swiss"]
[EventRounds "9"]
[EventCountry "MKD"]
[SourceTitle "EXT 2020"]
[Source "ChessBase"]
[SourceDate "2019.10.17"]
[SourceVersion "1"]
[SourceVersionDate "2019.10.17"]
[SourceQuality "1"]

1. e4 c5 2. c4 d6 3. Nc3 Nc6 4. g3 g6 5. Bg2 Bg7 6. Nge2 e6 7. d3 Nge7 8. 0-0 0-0 9. Be3 Bd7 10. d4 cxd4 11. Nxd4 Nxd4 1/2-1/2